मुस्लिम आत्‍मचरित्रे (Record no. 37910)

MARC details
000 -LEADER
fixed length control field 00469nam a2200169Ia 4500
008 - FIXED-LENGTH DATA ELEMENTS--GENERAL INFORMATION
fixed length control field 220531s9999 xx 000 0 und d
041 ## - LANGUAGE CODE
Language code of text/sound track or separate title mar
100 ## - MAIN ENTRY--PERSONAL NAME
Personal name शानेदिवाने राजेखान
9 (RLIN) 67142
245 ## - TITLE STATEMENT
Title मुस्लिम आत्‍मचरित्रे
250 ## - EDITION STATEMENT
Edition statement 1
260 ## - PUBLICATION, DISTRIBUTION, ETC. (IMPRINT)
Place of publication, distribution, etc. Pune
Name of publisher, distributor, etc. Bhoomi
Date of publication, distribution, etc. 2010
300 ## - PHYSICAL DESCRIPTION
Extent 220
542 ## - INFORMATION RELATING TO COPYRIGHT STATUS
Copyright holder 07-01-2012
650 ## - SUBJECT ADDED ENTRY--TOPICAL TERM
Topical term or geographic name as entry element Marathi
9 (RLIN) 67143
906 ## - LOCAL DATA ELEMENT F, LDF (RLIN)
d 2011-2012
Holdings
Withdrawn status Lost status Source of classification or shelving scheme Damaged status Not for loan Collection code Home library Current library Date acquired Vendor Cost, normal purchase price Total Checkouts Total Holds Full call number Barcode Date last seen Bill Date Koha item type Original Barcode
    Dewey Decimal Classification       Shri Siddhivinayak Mahila Mahavidyalaya Shri Siddhivinayak Mahila Mahavidyalaya 07/01/2012 Swaroop 250.00   1 /-/B/19278 SSMM-BK-19278 06/08/2022 06/08/2022 Books 010019278